الطيور / (رقم التسجيلة. 53467)
[ عرض عادي ]
| 000 -LEADER | |
|---|---|
| fixed length control field | 00582nam a22002177a 4500 |
| 005 - DATE AND TIME OF LATEST TRANSACTION | |
| control field | 20251108170956.0 |
| 008 - FIXED-LENGTH DATA ELEMENTS--GENERAL INFORMATION | |
| fixed length control field | 250721s1992 xx 000 0 ara d |
| 020 ## - INTERNATIONAL STANDARD BOOK NUMBER | |
| International Standard Book Number | 9770236101 |
| 082 14 - DEWEY DECIMAL CLASSIFICATION NUMBER | |
| Classification number | ط/598/لمن |
| 100 1# - MAIN ENTRY--PERSONAL NAME | |
| Personal name | لمن، روبرت |
| 245 10 - TITLE STATEMENT | |
| Title | الطيور / |
| 250 ## - EDITION STATEMENT | |
| Edition statement | ط. 7 |
| 264 1# - PRODUCTION, PUBLICATION, DISTRIBUTION, MANUFACTURE, AND COPYRIGHT NOTICE | |
| Place of production, publication, distribution, manufacture | القاهرة : |
| Name of producer, publisher, distributor, manufacturer | دار المعارف، |
| Date of production, publication, distribution, manufacture, or copyright notice | 1992. |
| 300 ## - PHYSICAL DESCRIPTION | |
| Extent | 107ص. |
| 490 0# - SERIES STATEMENT | |
| Series statement | كل شئ عن |
| Volume/sequential designation | 8 |
| 650 17 - SUBJECT ADDED ENTRY--TOPICAL TERM | |
| Topical term or geographic name as entry element | الطيور |
| 653 ## - INDEX TERM--UNCONTROLLED | |
| Uncontrolled term | (سنة 18-15) ناشئون كبار |
| 700 1# - ADDED ENTRY--PERSONAL NAME | |
| Personal name | بدران، مصطفى |
| Relator term | Tran. |
| 942 ## - ADDED ENTRY ELEMENTS (KOHA) | |
| Source of classification or shelving scheme | Dewey Decimal Classification |
| Koha item type | كتب |
| حالة السحب | حالة الفقدان | مصدر التصنيف | حالة التلف | غير قابل للإعارة | المكتبة الرئيسية | المكتبة الحالية | موقع الرف | تاريخ التزويد | الرقم المتسلسل | Total Checkouts | رقم الإستدعاء | تاريخ آخر ظهور | تاريخ الفاتورة | نوع المادة (كوها) | الباركود |
|---|---|---|---|---|---|---|---|---|---|---|---|---|---|---|---|
| Dewey Decimal Classification | مكتبة أم المؤمنين للأطفال | مكتبة أم المؤمنين للأطفال | الأطفال | 28/07/2025 | 359204 | ط/598/لمن | 28/07/2025 | 28/07/2025 | كتب | 359204 | |||||
| Dewey Decimal Classification | Unchecked | مكتبة الأميرة ايمان العامة | مكتبة الأميرة ايمان العامة | الأطفال | 06/07/2004 | 1087 | ط/598/لمن | 28/07/2025 | 06/07/2004 | كتب | |||||
| Dewey Decimal Classification | مكتبة البراءة للأطفال | مكتبة البراءة للأطفال | الأطفال | 03/10/2013 | 359201 | ط/598/لمن | 28/07/2025 | 03/10/2013 | كتب | PLD00281904 | |||||
| Dewey Decimal Classification | مكتبة صويلح العامة | مكتبة صويلح العامة | الأطفال | 17/07/2019 | 359214 | ط/598/لمن | 28/07/2025 | 17/07/2019 | كتب | PLD00457864 | |||||
| Dewey Decimal Classification | مكتبة عدن للأطفال | مكتبة عدن للأطفال | الأطفال | 05/02/2025 | 1792635 | ط/598/لمن | 28/07/2025 | 05/02/2025 | كتب | PLD00514744 | |||||
| Dewey Decimal Classification | مكتبة عدن للأطفال | مكتبة عدن للأطفال | الأطفال | 10/02/2025 | 1793421 | ط/598/لمن | 28/07/2025 | 10/02/2025 | كتب | PLD00515217 |